000 00648cam a2200241ua 4500
001 7190
008 141203n ii |||gr||||Z||||||eng
020 _a978810140107814
040 _cMAIN
041 _aeng
082 _a954
100 _aChandra, B.,
_eAuthor.
245 1 _aIndia`s struggle for independence :
_b1857-1947 /
_cBy Bipan Chandra .
250 _a1st.
260 _aNew Delhi:
_bPenguin,
_c1989.
300 _a600p.
653 _aStruggle for independence
700 _aMukherjee, M.,
_eAuthor.
700 _aMukherjee, A.,
_eAuthor.
700 _aPanikkar, K.N.,
_eAuthor.
700 _aMahajan, S.,
_eAuthor.
942 _cBK
999 _c6316
_d6316